| 000 | 00768cam a2200241 a 4500 | ||
|---|---|---|---|
| 001 | 000007652 | ||
| 005 | 20200929154240.0 | ||
| 008 | 931007s1992 sp 000 0 spa d | ||
| 020 | _a8432070351 | ||
| 040 |
_aDO-SdBNP _bspa _dBNPHU |
||
| 082 |
_a863.6 _bB465c, 1992 |
||
| 100 | 1 |
_aBenet, Juan. _q(Juan Benet Goitia) _d1927-1993 _921225 |
|
| 245 | 1 | 0 |
_aEl caballero de Sajonia / _cJuan Benet. |
| 250 | _a3a ed. | ||
| 260 |
_aBarcelona : _bPlaneta, _c1992. |
||
| 300 |
_a184 p. ; _c22 cm. |
||
| 490 | 1 | _aAutores españoles e hispanoamericanos | |
| 600 | 1 | 0 |
_aLUTHER, MARTÍN, _d1483-1546 _921226 |
| 650 | 4 |
_aNovela española _91123 |
|
| 650 | 4 |
_aLiteratura española _ySIGLO XX _93326 |
|
| 830 | 0 |
_aAutores españoles e hispanoamericanos ; _95042 |
|
| 910 | _aEn proceso | ||
| 999 |
_c7432 _d7432 |
||